| 000 | 00730nam a2200265Ia 4500 | ||
|---|---|---|---|
| 005 | 20260121172732.0 | ||
| 008 | 008 260114s9999 xx 000 0 eng d | ||
| 020 | _a9783030865177 | ||
| 037 | _aEBOOK | ||
| 040 | _aCRL | ||
| 040 | _beng | ||
| 040 | _cCRL | ||
| 041 | _2eng | ||
| 041 | _aeng | ||
| 084 | _qCRL | ||
| 100 |
_aYuxiao Dong, Nicolas Kourtellis, Barbara Hammer, Jose A. Lozano _91092102 |
||
| 245 | 0 | _aMachine Learning and Knowledge Discovery in Databases. Applied Data Science Track | |
| 260 | _bSpringer | ||
| 260 | _bSpringer | ||
| 260 | _c2021 | ||
| 856 | _uhttps://link.springer.com/openurl?genre=book&isbn=978-3-030-86517-7 | ||
| 942 | _cEBOOK | ||
| 999 |
_c1657842 _d1657842 |
||